000 00798nam a22001937a 4500
003 AM-YeHGA
005 20250617153649.0
008 171212s1960 ru ||||| |||| 00| 0 rus d
040 _aAM-YeHGA
041 0 _arus
245 0 0 _aЛитературный Сталинград :
_bЛитературно-худож. сборник Сталингр. отд-ния ССП РСФСР/
_cИ. Егоров(ред.) и др.
260 _aСталинград :
_bСталинградское книжное изд-во,
_c1960.
300 _a64 с. :
_bил.
653 0 _aХуд. литература
700 1 _aЕгоров, Иван Яковлевич
_eред.
_4edt
710 2 _aСоюз писателей РСФСР. Сталингр. отд-ние.
942 _2udc
_cBK
090 _c397783
999 _c395732
_d395732